|
|
|
|
| LEADER |
00000nam0a2200000 4500 |
| 001 |
190155 |
| 005 |
20231101224249.0 |
| 010 |
|
|
|a 9789854417639
|
| 035 |
|
|
|a (RuTPU)RU\TPU\book\207041
|
| 090 |
|
|
|a 190155
|
| 100 |
|
|
|a 20110118d2009 km y0rusy50 ca
|
| 101 |
0 |
|
|a rus
|
| 102 |
|
|
|a BY
|
| 105 |
|
|
|a y z 000zy
|
| 200 |
1 |
|
|a Международные расчеты: право и практика
|f С. В. Овсейко
|
| 210 |
|
|
|a Минск
|c Амалфея
|d 2009
|
| 215 |
|
|
|a 348 с.
|
| 330 |
|
|
|a Рассмотрены организационные, правовые и практические аспекты осуществления международных банковских расчетов. Наряду с традиционными формами (банковский перевод, аккредитив, инкассо) описаны современные платежные инструменты (банковские пластиковые карточки и электронные деньги). Издание подготовлено на основе действующего законодательства Республики Беларусь, использованы также зарубежное законодательство и практика, документы специализированных международных организаций.
|
| 606 |
1 |
|
|a Платежные системы
|x Международные расчеты
|2 stltpush
|3 (RuTPU)RU\TPU\subj\70972
|9 85096
|
| 610 |
1 |
|
|a денежные переводы
|
| 610 |
1 |
|
|a денежные платежи
|
| 610 |
1 |
|
|a аккредитивы
|
| 610 |
1 |
|
|a инкассо
|
| 610 |
1 |
|
|a пластиковые карты
|
| 610 |
1 |
|
|a электронные деньги
|
| 610 |
1 |
|
|a правовые аспекты
|
| 610 |
1 |
|
|a банковские операции
|
| 686 |
|
|
|a У9(2)262.2
|v LBC/SL-A
|2 rubbk
|
| 686 |
|
|
|a У9(2)262.4
|v LBC/SL-A
|2 rubbk
|
| 700 |
|
1 |
|a Овсейко
|b С. В.
|g Сергей Викторович
|
| 801 |
|
1 |
|a RU
|b 63413507
|c 20110118
|
| 801 |
|
2 |
|a RU
|b 63413507
|c 20121206
|g RCR
|
| 942 |
|
|
|c BK
|
| 959 |
|
|
|a 5/20110118
|d 1
|e 407,00
|f ЧЗГЛ:1
|